000 00349 a2200157 4500
001 56598
020 _a8526242237
040 _cAnchieta - Pituba
100 _aCanpedelli, Samira Youssef
240 1 0 _aMomento de decisão
_lpor
245 1 0 _aMomento de decisão
300 _a119
362 0 _a2002
650 4 _aLiteratura juvenil
942 _cBK
999 _c56598
_d56598